Evolution und Theologie

Saved in:
Bibliographic Details
Main Author: Arndt, Megan (Author)
Format: Article (Journal) Chapter/Article Dictionary Entry or Article
Language:German
Published: 13. Oktober 2025
Edition:Version 1.0
In: SysLex
Year: 2025, Pages: 1-8
ISSN:3052-685X
DOI:10.15496/publikation-112103
Online Access:Resolving-System, kostenfrei, Volltext: https://doi.org/10.15496/publikation-112103
Verlag, kostenfrei, Volltext: https://syslex-online.de/articles/evolution-und-theologie-version-1-0/
Get full text
Author Notes:Megan Arndt

MARC

LEADER 00000caa a2200000 c 4500
001 1937982521
003 DE-627
005 20260326145346.0
007 cr uuu---uuuuu
008 251008s2025 xx |||||o 00| ||ger c
024 7 |a 10.15496/publikation-112103  |2 doi 
035 |a (DE-627)1937982521 
035 |a (DE-599)KXP1937982521 
040 |a DE-627  |b ger  |c DE-627  |e rda 
041 |a ger 
084 |a 12  |2 sdnb 
084 |a 1  |2 ssgn 
100 1 |a Arndt, Megan  |e VerfasserIn  |0 (DE-588)1243283882  |0 (DE-627)177419970X  |4 aut 
245 1 0 |a Evolution und Theologie  |c Megan Arndt 
250 |a Version 1.0 
264 1 |c 13. Oktober 2025 
300 |a 8 
336 |a Text  |b txt  |2 rdacontent 
337 |a Computermedien  |b c  |2 rdamedia 
338 |a Online-Ressource  |b cr  |2 rdacarrier 
650 4 |a Glauben 
650 4 |a Gott 
650 4 |a Kreationismus 
650 4 |a Naturwissenschaft 
650 4 |a Schöpfung 
650 4 |a Theologie 
650 4 |a Wissenschaft 
773 0 8 |i Enthalten in  |t SysLex  |d Tübingen : Universitätsbibliothek Tübingen, Fachinformationsdienst Theologie, 2025  |g (2025), Seite 1-8  |h Online-Ressource  |w (DE-627)1920545328  |w (DE-600)3210825-4  |x 3052-685X  |7 nnas  |a Evolution und Theologie 
773 1 8 |g year:2025  |g pages:1-8  |g extent:8  |a Evolution und Theologie 
775 0 8 |i Übersetzt als  |a Arndt, Megan  |t Evolution and Theology  |d 2026  |w (DE-627)1967321752 
856 4 0 |u https://doi.org/10.15496/publikation-112103  |x Resolving-System  |z kostenfrei  |3 Volltext  |7 0 
856 4 0 |u https://syslex-online.de/articles/evolution-und-theologie-version-1-0/  |x Verlag  |z kostenfrei  |3 Volltext  |7 0 
935 |c uwlx 
951 |a AR 
992 |a 20260212 
993 |a Article 
994 |a 2025 
998 |g 1243283882  |a Arndt, Megan  |m 1243283882:Arndt, Megan  |d 10000  |d 10200  |e 10000PA1243283882  |e 10200PA1243283882  |k 0/10000/  |k 1/10000/10200/  |p 1  |x j  |y j 
999 |a KXP-PPN1937982521  |e 4913960180 
BIB |a Y 
JSO |a {"person":[{"display":"Arndt, Megan","given":"Megan","family":"Arndt","role":"aut"}],"physDesc":[{"extent":"8 S."}],"recId":"1937982521","name":{"displayForm":["Megan Arndt"]},"origin":[{"editionNo":"1","dateIssuedDisp":"13. Oktober 2025","edition":"Version 1.0","dateIssuedKey":"2025"}],"type":{"bibl":"chapter","media":"Online-Ressource"},"language":["ger"],"title":[{"title_sort":"Evolution und Theologie","title":"Evolution und Theologie"}],"relHost":[{"part":{"year":"2025","pages":"1-8","text":"(2025), Seite 1-8","extent":"8"},"id":{"issn":["3052-685X"],"eki":["1920545328"],"zdb":["3210825-4"]},"title":[{"title_sort":"SysLex","subtitle":"Onlinelexikon systematische Theologie","title":"SysLex"}],"note":["Gesehen am 08.05.2025"],"type":{"bibl":"edited-book","media":"Online-Ressource"},"name":{"displayForm":["Herausgeber:innen: Frederike van Oorschot, Sarah Jäger, Kinga Zeller"]},"recId":"1920545328","physDesc":[{"extent":"Online-Ressource"}],"language":["ger","eng"],"disp":"Evolution und TheologieSysLex","origin":[{"publisher":"Universitätsbibliothek Tübingen, Fachinformationsdienst Theologie ; Freie Universität Berlin, FUB-IT, Bereich Digitale Forschungsinfrastrukturen","dateIssuedKey":"2025","dateIssuedDisp":"[2025]-","publisherPlace":"Tübingen ; Berlin"}],"person":[{"given":"Frederike van","family":"Oorschot","role":"edt","display":"Oorschot, Frederike van"},{"display":"Jäger, Sarah","family":"Jäger","role":"edt","given":"Sarah"},{"display":"Zeller, Kinga","role":"edt","family":"Zeller","given":"Kinga"}]}],"id":{"eki":["1937982521"],"doi":["10.15496/publikation-112103"]}} 
SRT |a ARNDTMEGANEVOLUTIONU1320